| 000 | 00000nam##2200000za#4500 |
| 001 | 9.574502 |
| 003 | CaOODSP |
| 005 | 20210624184220 |
| 007 | cr ||||||||||| |
| 008 | 150406|2006||||xxc|||||o f|0| 0 eng|d |
| 040 | |aCaOODSP|beng |
| 043 | |an-cn--- |
| 086 | 1 |aTU3-5/06-6E-PDF |
| 110 | 2 |aTransportation Safety Board of Canada. |
| 245 | 10|aAirframe failure and collision with terrain - Rupert's Land Operations Inc. McDonnell Douglas MD600N C-FTAZ, Zama Lake, Alberta, 25 nm NW, 21 March 2006 |h[electronic resource] |
| 260 | |aGatineau - Quebec : |bTransportation Safety Board of Canada |c2007. |
| 300 | |a10p.|bfigs., table |
| 490 | 1 |aAviation investigation report |vA06W0041 |
| 500 | |a"The Board authorized the release of this report on 01 May 2007" --p.10. |
| 590 | |a12-33-Supp|b2012-07-18 |
| 775 | 08|tDéfaillance de la cellule et impact avec le relief de l'hélicoptère McDonnell Douglas MD600N C-FTAZ, exploité par Rupert's Land Operations Inc. à 25 nm au nord-ouest du lac Zama (Alberta), le 21 mars 2006 |w(CaOODSP)9.604246 |
| 830 | #0|aAviation investigation report ;|vA06W0041|w(CaOODSP)9.504825 |
| 856 | 40|ahttp://publications.gc.ca|qPDF|s269 KB|uhttps://publications.gc.ca/collections/collection_2012/bst-tsb/TU3-5-06-6-eng.pdf|yA06W0041 |